00784nam a22001937a 4500999001900000005001700019010001500036020002600051035001400077037001300091082001000104100001800114245014000132260004000272270010900312300002500421942002400446952012000470 c166351d16635120190722123909.0 aENG-126028 a9788178442556c495.00 aEN-109560 bDBAD/PUB a519.2 aKaushik, Arun aAn introduction to probability and statistics :cby Arun Kaushik [and] Rajwant K. Singhbbook for undergraduate and graduate students / aNew DelhibR.K. Pulblicationsc2018 a4806/24, Bharat Ram Road, Darya GanjbNew Delhie110002k011-23285167, 65185557minfo@kkpublications.com aviii,155p.c24cm(Hb) 2ddccENh519.2mKAU 001040708NFICaAGbAGd2019-07-22eDBAD/PUBg495.00l0o519.2 KAUpEN-109560r2019-07-22 00:00:00t1v495.00yEN